000 00366cam a2200157ua 4500
001 7639
008 120731n1995 II |||gr||||Z||||||eng
040 _aMAIN
041 _aEnglish
082 _a910.54 SIN
100 _aSINGH, R. L.
245 _aINDIA: A REGIONAL GEOGRAPHY
260 _aNEW DELHI
_bNATIONAL BOOK TRUST
_c1995
300 _a992:
_c25CM.
942 _cBK
999 _c7624
_d7624